[Event "Wiesbaden op 30th"]
[Site "Wiesbaden"]
[Date "2018.08.25"]
[Round "5"]
[White "Frey, Thomas"]
[Black "Henrich, Thomas"]
[Result "0-1"]
[WhiteElo "2051"]
[BlackElo "2193"]
[PlyCount "36"]
[EventDate "2018.08.23"]
[EventType "swiss"]
[EventRounds "7"]
[EventCountry "GER"]
[SourceTitle "CBM 186 Extra"]
[Source "ChessBase"]
[SourceDate "2018.08.24"]
[SourceVersion "1"]
[SourceVersionDate "2018.08.24"]
[SourceQuality "1"]

1. d4 Nf6 2. c4 g6 3. f3 c5 4. d5 b5 5. cxb5 a6 6. e4 d6 7. Bd2 Bg7 8. Bc3 0-0 9. bxa6 Bxa6 10. Nd2 e6 11. Bc4 exd5 12. Bxd5 Nxd5 13. exd5 Re8+ 14. Kf2 Bxc3 15. bxc3 Qf6 16. Qc2 Nd7 17. Ne4 Qe5 18. g3 f5 0-1

[Event "Wiesbaden op 29th"]
[Site "Wiesbaden"]
[Date "2017.08.26"]
[Round "5"]
[White "Frey, Thomas"]
[Black "Hermannsdoerfer, Frank"]
[Result "1-0"]
[WhiteElo "2050"]
[BlackElo "2180"]
[PlyCount "81"]
[EventDate "2017.08.24"]
[EventType "swiss"]
[EventRounds "7"]
[EventCountry "GER"]
[SourceTitle "CBM 180 Extra"]
[Source "ChessBase"]
[SourceDate "2017.10.06"]
[SourceVersion "1"]
[SourceVersionDate "2017.10.06"]
[SourceQuality "1"]

1. c4 d6 2. d4 e5 3. dxe5 dxe5 4. Qxd8+ Kxd8 5. Nc3 Be6 6. b3 c6 7. Bb2 Nd7 8. g3 f6 9. Bh3 Bxh3 10. Nxh3 Nh6 11. 0-0-0 Kc7 12. f3 Be7 13. Rhe1 Nf5 14. Ne4 Bb4 15. Rg1 a5 16. g4 Nh4 17. Nhf2 Be7 18. Nd3 g5 19. Rdf1 h5 20. h3 hxg4 21. hxg4 Ng6 22. Rg2 Rh3 23. e3 Rah8 24. Kd2 Rh2 25. Re2 Rh1 26. Rxh1 Rxh1 27. Rf2 b5 28. cxb5 cxb5 29. Ke2 Nb6 30. f4 gxf4 31. exf4 exf4 32. Bxf6 Rb1 33. Nc3 Rg1 34. Nxb5+ Kc6 35. Nd4+ Kd5 36. Bxe7 Rxg4 37. Bc5 Nd7 38. Ba7 Nde5 39. Nf3 Nxd3 40. Kxd3 Rg3 41. Bb8 1-0

[Event "Wiesbaden op 29th"]
[Site "Wiesbaden"]
[Date "2017.08.24"]
[Round "1"]
[White "Rupp, Arnim"]
[Black "Frey, Thomas"]
[Result "0-1"]
[WhiteElo "1704"]
[BlackElo "2050"]
[PlyCount "72"]
[EventDate "2017.08.24"]
[EventType "swiss"]
[EventRounds "7"]
[EventCountry "GER"]
[SourceTitle "CBM 180 Extra"]
[Source "ChessBase"]
[SourceDate "2017.10.06"]
[SourceVersion "1"]
[SourceVersionDate "2017.10.06"]
[SourceQuality "1"]

1. e4 e6 2. d4 d5 3. Nc3 Nf6 4. Bg5 Bb4 5. e5 h6 6. exf6 hxg5 7. fxg7 Rg8 8. Qd2 Qf6 9. f3 Qxg7 10. 0-0-0 b6 11. a3 Bd6 12. g3 c6 13. Nge2 Ba6 14. f4 Nd7 15. h4 g4 16. Na2 Nf6 17. Nec3 Bxf1 18. Rdxf1 a5 19. Ne2 b5 20. Kb1 Ne4 21. Qd3 b4 22. a4 f5 23. Nac1 Qb7 24. Rh2 Kf7 25. b3 Be7 26. Qe3 Bf6 27. Nd3 Rad8 28. Nf2 Qa7 29. Rd1 Rd7 30. Rd3 Rc8 31. Rh1 Qc7 32. Nxe4 dxe4 33. Rd2 Rd5 34. Rhd1 Rcd8 35. Kc1 Qd7 36. Kb1 c5 0-1

[Event "Wiesbaden op 28th"]
[Site "Wiesbaden"]
[Date "2016.08.28"]
[Round "7"]
[White "Frey, Thomas"]
[Black "Koellner, Aaron Noah"]
[Result "1-0"]
[WhiteElo "2052"]
[BlackElo "1819"]
[PlyCount "53"]
[EventDate "2016.08.25"]
[EventType "swiss"]
[EventRounds "7"]
[EventCountry "GER"]
[SourceTitle "CBM 174 Extra"]
[Source "ChessBase"]
[SourceDate "2016.10.10"]
[SourceVersion "1"]
[SourceVersionDate "2016.10.10"]
[SourceQuality "1"]

1. e4 c5 2. c3 d5 3. exd5 Qxd5 4. d4 Nc6 5. Nf3 Bg4 6. Be2 Nf6 7. c4 Qd8 8. d5 Bxf3 9. Bxf3 Nd4 10. 0-0 g6 11. Be3 Qb6 12. Nc3 Nxf3+ 13. Qxf3 Bg7 14. Rab1 Nd7 15. Ne4 Ne5 16. Qe2 Qa6 17. b3 b6 18. Bg5 Qb7 19. f4 h6 20. fxe5 hxg5 21. Nxg5 0-0 22. Qe4 f5 23. Qh4 Rf7 24. Qh7+ Kf8 25. Ne6+ Ke8 26. Nxg7+ Kd7 27. e6+ 1-0

[Event "Wiesbaden op 27th"]
[Site "Wiesbaden"]
[Date "2015.08.30"]
[Round "7"]
[White "Frey, Thomas"]
[Black "Wachsmann, Dietmar"]
[Result "1/2-1/2"]
[WhiteElo "2079"]
[BlackElo "1811"]
[PlyCount "50"]
[EventDate "2015.08.27"]
[EventType "swiss"]
[EventRounds "7"]
[EventCountry "GER"]
[SourceTitle "EXT 2016"]
[Source "ChessBase"]
[SourceDate "2015.10.08"]
[SourceVersion "1"]
[SourceVersionDate "2015.10.08"]
[SourceQuality "1"]

1. d4 d6 2. Nf3 Nf6 3. c4 g6 4. Nc3 Bg7 5. g3 0-0 6. Bg2 Nc6 7. d5 Nb8 8. h3 e5 9. Be3 Nbd7 10. Qd2 Re8 11. Bg5 a5 12. Nh2 Nb6 13. b3 a4 14. Rb1 Bf5 15. e4 Bd7 16. Ng4 Bxg4 17. hxg4 axb3 18. axb3 Qe7 19. f3 Qf8 20. Bf1 Nbd7 21. Qh2 h6 22. Bxh6 Bxh6 23. Qxh6 Qxh6 24. Rxh6 Nh5 25. gxh5 Kg7 1/2-1/2

[Event "Wiesbaden op 27th"]
[Site "Wiesbaden"]
[Date "2015.08.28"]
[Round "3"]
[White "Frey, Thomas"]
[Black "Anhalt, Albert"]
[Result "1/2-1/2"]
[WhiteElo "2079"]
[BlackElo "1802"]
[PlyCount "32"]
[EventDate "2015.08.27"]
[EventType "swiss"]
[EventRounds "7"]
[EventCountry "GER"]
[SourceTitle "EXT 2016"]
[Source "ChessBase"]
[SourceDate "2015.10.08"]
[SourceVersion "1"]
[SourceVersionDate "2015.10.08"]
[SourceQuality "1"]

1. d4 Nf6 2. Nf3 d6 3. g3 Nbd7 4. Bg2 c5 5. 0-0 g6 6. c4 Bg7 7. Nc3 0-0 8. b3 cxd4 9. Nxd4 Ne5 10. Bb2 Rb8 11. Qd2 Bd7 12. Ne4 Nxe4 13. Bxe4 Qb6 14. Bc3 a6 15. Qb2 Bh3 16. Bg2 Bxg2 1/2-1/2

[Event "Wiesbaden op 27th"]
[Site "Wiesbaden"]
[Date "2015.08.28"]
[Round "2"]
[White "Traut, Stefan"]
[Black "Frey, Thomas"]
[Result "1/2-1/2"]
[WhiteElo "1723"]
[BlackElo "2079"]
[PlyCount "37"]
[EventDate "2015.08.27"]
[EventType "swiss"]
[EventRounds "7"]
[EventCountry "GER"]
[SourceTitle "EXT 2016"]
[Source "ChessBase"]
[SourceDate "2015.10.08"]
[SourceVersion "1"]
[SourceVersionDate "2015.10.08"]
[SourceQuality "1"]

1. d4 Nf6 2. Nf3 b6 3. g3 Bb7 4. Bg2 e6 5. c4 Be7 6. 0-0 0-0 7. Nc3 Ne4 8. Qc2 Nxc3 9. Qxc3 f5 10. Be3 Bf6 11. Qd2 Qe7 12. Bg5 Bxg5 13. Qxg5 Qxg5 14. Nxg5 Bxg2 15. Kxg2 Nc6 16. e3 Ne7 17. Rfd1 h6 18. Nf3 d6 19. Rac1 1/2-1/2

[Event "Wiesbaden op 27th"]
[Site "Wiesbaden"]
[Date "2015.08.27"]
[Round "1"]
[White "Frey, Thomas"]
[Black "Lesny, Florian"]
[Result "1/2-1/2"]
[WhiteElo "2079"]
[BlackElo "1684"]
[PlyCount "42"]
[EventDate "2015.08.27"]
[EventType "swiss"]
[EventRounds "7"]
[EventCountry "GER"]
[SourceTitle "EXT 2016"]
[Source "ChessBase"]
[SourceDate "2015.10.08"]
[SourceVersion "1"]
[SourceVersionDate "2015.10.08"]
[SourceQuality "1"]

1. e4 c5 2. Nc3 Nc6 3. f4 g6 4. Nf3 Bg7 5. Bb5 Nd4 6. 0-0 Nxb5 7. Nxb5 a6 8. Nc3 e6 9. d3 Ne7 10. Be3 Qc7 11. d4 d6 12. Qe1 0-0 13. Rd1 b6 14. Qh4 Bb7 15. g4 b5 16. f5 exf5 17. exf5 gxf5 18. Qh5 b4 19. Ne2 Nd5 20. Bh6 Bxh6 21. Qxh6 f6 1/2-1/2

[Event "Reutlingen op 18th"]
[Site "Reutlingen"]
[Date "2013.05.19"]
[Round "4"]
[White "Frey, Thomas"]
[Black "Gheng, Josef"]
[Result "0-1"]
[WhiteElo "2122"]
[BlackElo "2313"]
[PlyCount "66"]
[EventDate "2013.05.17"]
[EventType "swiss"]
[EventRounds "7"]
[EventCountry "GER"]
[SourceTitle "CBM 154 Extra"]
[Source "ChessBase"]
[SourceDate "2013.06.25"]
[SourceVersion "2"]
[SourceVersionDate "2013.06.25"]
[SourceQuality "1"]

1. d4 Nf6 2. g3 c5 3. d5 e6 4. c4 exd5 5. cxd5 d6 6. Bg2 Be7 7. Nc3 a6 8. Nf3 0-0 9. 0-0 b5 10. Nd2 Nbd7 11. Nde4 Nxe4 12. Nxe4 f5 13. Nd2 Ne5 14. a4 Bd7 15. b3 Bf6 16. Ra2 bxa4 17. bxa4 Rb8 18. Qc2 Rb4 19. Bb2 Bxa4 20. Qxf5 Bd7 21. Qc2 Bb5 22. Bc3 Bxe2 23. Bxb4 cxb4 24. Re1 Bb5 25. Bf1 Qb6 26. Bxb5 Qxb5 27. Re3 Bg5 28. f4 Ng4 29. Rf3 Bd8 30. Qd3 Bb6+ 31. Kg2 Ne3+ 32. Rxe3 Bxe3 33. Qxe3 Qxd5+ 0-1

[Event "Regionalliga SW 0203"]
[Site "Bayern"]
[Date "2003.01.26"]
[Round "5.6"]
[White "Hoennekes, Klaus"]
[Black "Frey, Thomas"]
[Result "0-1"]
[WhiteElo "2026"]
[BlackElo "2047"]
[PlyCount "82"]
[EventDate "2002.10.20"]
[EventType "team"]
[EventRounds "9"]
[EventCountry "GER"]
[SourceTitle "EXT 2004"]
[Source "ChessBase"]
[SourceDate "2003.11.25"]
[SourceVersion "1"]
[SourceVersionDate "2003.11.25"]
[SourceQuality "1"]
[WhiteTeam "Muenchen Suedost"]
[BlackTeam "Garching"]
[WhiteTeamCountry "GER"]
[BlackTeamCountry "GER"]

1. e4 e6 2. d4 d5 3. Nc3 Nf6 4. Bg5 Be7 5. e5 Nfd7 6. h4 c5 7. Bxe7 Qxe7 8. f4 a6 9. Nf3 Nc6 10. Qd2 b5 11. Ne2 Bb7 12. c3 0-0-0 13. dxc5 Nxc5 14. Ned4 Na5 15. b3 Ne4 16. Qc2 Kb8 17. b4 Nc4 18. Bxc4 dxc4 19. a4 bxa4 20. Rxa4 Qd7 21. Ra1 h6 22. 0-0 g5 23. Rfb1 g4 24. b5 axb5 25. Rxb5 gxf3 26. Qa4 f2+ 27. Kf1 Kc8 28. Qa7 Qc7 29. Raa5 Rd5 30. Rxd5 Bxd5 31. Nb5 Qxa7 32. Rxa7 Bb7 33. Nd6+ Nxd6 34. exd6 Rd8 35. Ra4 Rxd6 36. Kxf2 Rd2+ 37. Kf1 Bd5 38. Ra7 f5 39. Rh7 Rxg2 40. Rxh6 Rc2 41. Rh7 Rxc3 0-1

[Event "Regionalliga SW 0203"]
[Site "Bayern"]
[Date "2002.12.15"]
[Round "3.7"]
[White "Frey, Thomas"]
[Black "Winterkamp, Stefan"]
[Result "1-0"]
[WhiteElo "2047"]
[BlackElo "1943"]
[PlyCount "153"]
[EventDate "2002.10.20"]
[EventType "team"]
[EventRounds "9"]
[EventCountry "GER"]
[SourceTitle "EXT 2004"]
[Source "ChessBase"]
[SourceDate "2003.11.25"]
[SourceVersion "1"]
[SourceVersionDate "2003.11.25"]
[SourceQuality "1"]
[WhiteTeam "Garching"]
[BlackTeam "Klosterlechfeld"]
[WhiteTeamCountry "GER"]
[BlackTeamCountry "GER"]

1. e4 c6 2. d4 d5 3. Nc3 dxe4 4. Nxe4 Nd7 5. Bc4 Ngf6 6. Ng5 e6 7. Qe2 Nb6 8. Bb3 Qxd4 9. N1f3 Qb4+ 10. Bd2 Qb5 11. c4 Qc5 12. Ne5 Be7 13. Ngxf7 Rf8 14. Ng5 Bd6 15. Nd3 Qf5 16. c5 Bxc5 17. Bxe6 Bxe6 18. Nxc5 Qxc5 19. Nxe6 Qe7 20. Nc7+ Kf7 21. Qxe7+ Kxe7 22. Nxa8 Rxa8 23. 0-0-0 Nbd5 24. Rhe1+ Kf7 25. f3 h6 26. Bc3 Rf8 27. Bxf6 Kxf6 28. Re4 Kf7 29. Kc2 Rd8 30. b4 a6 31. Kb3 Kf6 32. Rd2 Kf7 33. a4 Rd7 34. Re1 Kf6 35. g3 Kf7 36. f4 Kf6 37. Re4 Kf7 38. Re5 Kf6 39. h4 Kf7 40. b5 axb5 41. axb5 Kf6 42. g4 g6 43. g5+ hxg5 44. hxg5+ Kg7 45. f5 gxf5 46. Rxf5 Kg6 47. Re5 Kg7 48. Re6 Kf7 49. bxc6 bxc6 50. Rxc6 Rb7+ 51. Kc4 Ne7 52. Rf6+ Kg7 53. Rdd6 Ra7 54. Ra6 Rd7 55. Rad6 Ra7 56. Kd3 Ng8 57. Rg6+ Kf7 58. Ke4 Ra4+ 59. Kf3 Rb4 60. Kg3 Ra4 61. Ra6 Re4 62. Rgb6 Ne7 63. Kf3 Re5 64. Kf4 Re1 65. Rb7 Rf1+ 66. Kg3 Rg1+ 67. Kh4 Rh1+ 68. Kg4 Rg1+ 69. Kf4 Rf1+ 70. Ke3 Re1+ 71. Kf2 Re5 72. g6+ Kg8 73. Raa7 Rf5+ 74. Ke3 Re5+ 75. Kd3 Kf8 76. g7+ Kxg7 77. Rxe7+ 1-0

[Event "Augsburg Afro op"]
[Site "Augsburg"]
[Date "1998.??.??"]
[Round "7"]
[White "Frey, Thomas"]
[Black "Wolfsteiner, Helmut"]
[Result "1/2-1/2"]
[WhiteElo "2005"]
[BlackElo "2180"]
[PlyCount "31"]
[EventDate "1998.??.??"]
[EventType "swiss"]
[EventRounds "7"]
[EventCountry "GER"]
[SourceTitle "EXT 2004"]
[Source "ChessBase"]
[SourceDate "2003.11.25"]
[SourceVersion "1"]
[SourceVersionDate "2003.11.25"]
[SourceQuality "1"]

1. e4 c5 2. d4 cxd4 3. c3 dxc3 4. Nxc3 Nc6 5. Nf3 e6 6. Bc4 Be7 7. 0-0 d6 8. Qe2 Nf6 9. Rd1 Qc7 10. Bf4 a6 11. Rac1 0-0 12. Bb3 Qb8 13. e5 dxe5 14. Nxe5 Qa7 15. Be3 Qb8 16. Bf4 1/2-1/2

[Event "Augsburg Afro op"]
[Site "Augsburg"]
[Date "1997.??.??"]
[Round "6"]
[White "Frey, Thomas"]
[Black "Sepp, Lothar"]
[Result "1/2-1/2"]
[WhiteElo "2175"]
[BlackElo "1770"]
[PlyCount "25"]
[EventDate "1997.??.??"]
[EventType "swiss"]
[EventRounds "7"]
[EventCountry "GER"]
[SourceTitle "EXT 2006"]
[Source "ChessBase"]
[SourceDate "2005.11.24"]
[SourceVersion "1"]
[SourceVersionDate "2005.11.24"]
[SourceQuality "1"]

1. e4 e5 2. Nf3 Nf6 3. Nxe5 d6 4. Nxf7 Kxf7 5. d4 Qe7 6. Bd3 g6 7. 0-0 Bg7 8. Nc3 Re8 9. f4 Kg8 10. e5 Ng4 11. f5 Bxf5 12. Bxf5 gxf5 13. h3 1/2-1/2